| 000 | 00671nac a22001691u 4500 | ||
|---|---|---|---|
| 020 | _a1851682627 | ||
| 082 |
_a305.486971 _bAb765 |
||
| 090 |
_c3520 _d3520 |
||
| 100 | _aAbou El Fadl, Khaled | ||
| 245 |
_aSpeaking in God’s name : Islamic law, authority and women / _cKhaled Abou El Fadl |
||
| 260 |
_aOxford : _bOneworld, 2001 _c2001 |
||
| 300 |
_axiii,261 p. _c24 cm. |
||
| 650 | _aWomen -- Legal status (Islamic law) | ||
| 650 | _a laws (Islamic law) | ||
| 942 |
_cBB _k305.486971Ab765 |
||
| 999 |
_c3520 _d3520 |
||